000 01157nam a2200349 i 4500
001 bg
003 BPK
005 20221206122751.0
008 000728s2000 pl a f f |000 0 pol
015 _aPB 2000/15831
020 _a8390606550
040 _aWA N
_cBPK
041 0 _apol
080 _a351.81
080 _a656.01
080 _a338.47
080 _a346.61
080 _a368.2
080 _a(07)
245 0 0 _aMiędzynarodowe przewozy towarowe :
_bpraca zbiorowa /
_cpod red. Józefa Perenca i Jerzego Godlewskiego ; aut. Jerzy Godlewski [et al.].
260 _aWarszawa :
_bPolskie Wydaw. Transportowe,
_c2000.
300 _a358, [2] s. :
_bil., 2 mapy ;
_c24 cm.
504 _aBibliogr.
505 8 _aZawiera także teksty aktów prawnych i konwencji dot. przewozu towarów.
650 4 _aCło
_xprawo
_zPolska.
655 4 _aPodręcznik
650 4 _aTransport międzynarodowy
700 1 _aGodlewski, Jerzy.
_eRedakcja
700 1 _aPerenc, Józef
_d(1945- )
_eRedakcja
856 _uhttp://koha.tu.koszalin.pl/cgi-bin/koha/opac-detail.pl?biblionumber=38139
_yKatalog online BPK
942 _2UKD
_cKS
999 _c38139
_d38139